000 00594nam a22001937a 4500
005 20140407122239.0
010 _aENG-109621
020 _c190.00
_a9788189941130
035 _aEN-93154
037 _bDBAD/PUB
082 _a570.15195
100 _aRamakrishnan, P.
245 _aBiostatistics /
_cby P. Ramakrishnan
260 _bSaras Publication
_c2010
_aNagercoil
270 _bNagercoil
_e629002
_a114/35G, A. R. P. Camp Road, Periavilai, Kottar P. O.,
300 _aix,400p. :
_c22cm(pbk)
_bill
500 _aIncludes index
942 _2ddc
_cEN
_mRAM
_h570.15195
999 _c83163
_d83163